La ciencia al día (Record no. 30898)

MARC details
000 -LEADER
campo de control de longitud fija 00660nam a2200193 i 4500
001 - NÚMERO DE CONTROL
campo de control 30898
003 - IDENTIFICADOR DE NÚMERO DE CONTROL
campo de control ES-MaACL
005 - FECHA Y HORA DE LA ÚLTIMA TRANSACCIÓN
campo de control 20230906154255.0
007 - CAMPO FIJO DE DESCRIPCIÓN FÍSICA--INFORMACIÓN GENERAL
campo de control de longitud fija t|
008 - DATOS DE LONGITUD FIJA--INFORMACIÓN GENERAL
campo de control de longitud fija 030127s1965 ag ||||1| spa d
100 1# - ENTRADA PRINCIPAL--NOMBRE DE PERSONA
Nombre de persona Bello, Francis.
9 (RLIN) 27234
245 13 - MENCIÓN DEL TÍTULO
Título La ciencia al día
Resto del título : grandes científicos norteamericanos /
Mención de responsabilidad, etc. Francis Bello, George A. W. Boehm, Lawrence Lessing ; [traducción de Guillermo A. Berisso].
260 ## - PUBLICACIÓN, DISTRIBUCIÓN, ETC.
Lugar de publicación, distribución, etc. Buenos Aires :
Nombre del editor, distribuidor, etc. Hobbs,
Fecha de publicación, distribución, etc. [1965]
300 ## - DESCRIPCIÓN FÍSICA
Extensión 184 p. ;
Dimensiones 18 cm.
700 1# - ENTRADA AGREGADA--NOMBRE PERSONAL
Nombre de persona Boehm, George A. W.
9 (RLIN) 29731
700 1# - ENTRADA AGREGADA--NOMBRE PERSONAL
Nombre de persona Lessing, Lawrence.
9 (RLIN) 71854
700 1# - ENTRADA AGREGADA--NOMBRE PERSONAL
Nombre de persona Berisso, Guillermo A.
9 (RLIN) 28029
852 ## - LOCALIZACIÓN
Ubicación ES-MaACL
Número de control de estantería C-29510
Sublocalización o colección R.59858
Holdings
Estatus retirado Estado de pérdida Estado de daño No para préstamo Biblioteca de origen Biblioteca actual Ubicación en estantería Fecha de adquisición Fuente de adquisición Total de préstamos Signatura topográfica completa Código de barras Visto por última vez Precio de reemplazo Tipo de ítem Koha
        Biblioteca del Ateneo de Madrid Biblioteca del Ateneo de Madrid Depósito 2 17/01/2008     C-29510 1031920 23/02/2023 23/02/2023 Libro impreso